00362pab a2200133 454500008004000000100002600040245007200066260000900138300001300147362000800160650003300168650001100201773001600212180718b2010 xxu||||| |||| 00| 0 eng d aPetwal, Aditya et al. aLivelihood enhancement strategies for tribal regions of Maharashtra c2010 ap.34-40. aNov aTribes - India - Maharashtra aTribes aKurukshetra